书目信息 |
| 题名: |
抗日战争时期的中国民众
|
|
| 作者: | 石岛纪之 著 ;李秉奎 译 | |
| 分册: | ||
| 出版信息: | 北京 中国社会科学出版社 2016 |
|
| 页数: | 246页 | |
| 开本: | 24cm | |
| 丛书名: | 鼓楼史学丛书 | |
| 单 册: | ||
| 中图分类: | D693.9 | |
| 科图分类: | ||
| 主题词: | 抗日战争--kang ri zhan zheng--社会生活--中国--史料 | |
| 电子资源: | ||
| ISBN: | 978-7-5161-8096-9 | |
| 000 | 01288nam0 22002771 450 | |
| 001 | 0118172224 | |
| 005 | 20170618172224.0 | |
| 010 | @a978-7-5161-8096-9@dCNY58.00 | |
| 100 | @a20160803d2016 em y0chiy50 ea | |
| 101 | 1 | @achi@cjpn |
| 102 | @aCN@b110000 | |
| 105 | @aa z 000yy | |
| 106 | @ar | |
| 200 | 1 | @a抗日战争时期的中国民众@Akang ri zhan zheng shi qi de zhong guo min zhong@e饥饿、社会改革和民族主义@f(日)石岛纪之著@g李秉奎等译 |
| 210 | @a北京@c中国社会科学出版社@d2016 | |
| 215 | @a246页@c图@d24cm | |
| 225 | 2 | @a鼓楼史学丛书@Agu lou shi xue cong shu@i海外中国研究系列 |
| 330 | @a本书共分两个部分。第一部分的核心问题,讨论的是抗战时期的粮食问题,即粮食供应对该时期民众日常生活及社会心理产生的深刻影响。该部分重点讨论粮食供应的不足及其对民众心理的影响,同时涉及日伪统治区、国民党统治区及抗日根据地的相关应对。第二部分探讨的核心问题,是抗日根据地民众对日军残暴侵略的感受及其采取的行动。 | |
| 461 | 0 | @12001 @a鼓楼史学丛书 |
| 517 | 1 | @a饥饿、社会改革和民族主义@Aji e she hui gai ge he min zu zhu yi |
| 606 | 0 | @a抗日战争@Akang ri zhan zheng@x社会生活@y中国@j史料 |
| 690 | @aD693.9@v5 | |
| 701 | 0 | @c(日)@a石岛纪之@Ashi dao ji zhi@f(1941~)@4著 |
| 702 | 0 | @a李秉奎@Ali bing kui@c(历史)@4译 |
| 801 | 0 | @aCN@bTANGWEI@c20170615 |
| 905 | @b1008843-8@dD693.9@e230@f6 | |
| 抗日战争时期的中国民众:饥饿、社会改革和民族主义/(日)石岛纪之著/李秉奎等译 .-北京:中国社会科学出版社,2016 |
| 246页:图;24cm.-(鼓楼史学丛书.海外中国研究系列) |
| ISBN 978-7-5161-8096-9:CNY58.00 |
| 本书共分两个部分。第一部分的核心问题,讨论的是抗战时期的粮食问题,即粮食供应对该时期民众日常生活及社会心理产生的深刻影响。该部分重点讨论粮食供应的不足及其对民众心理的影响,同时涉及日伪统治区、国民党统治区及抗日根据地的相关应对。第二部分探讨的核心问题,是抗日根据地民众对日军残暴侵略的感受及其采取的行动。 |
| ● |
| 相关链接 |
|
|
|
|
正题名:抗日战争时期的中国民众
索取号:D693.9/230
 
预约/预借
| 序号 | 登录号 | 条形码 | 馆藏地/架位号 | 状态 | 备注 |
| 1 | 1008843 | 210088439 | 第一样本阅览室/ [索取号:D693.9/230] | 在馆 | |
| 2 | 1008844 | 210088448 | 教育系资料室/ [索取号:D693.9/230] | 在馆 | |
| 3 | 1008845 | 210088457 | 教育系资料室/ [索取号:D693.9/230] | 在馆 | |
| 4 | 1008846 | 210088466 | 教育系资料室/ [索取号:D693.9/230] | 在馆 | |
| 5 | 1008847 | 210088475 | 第一借阅区/ [索取号:D693.9/230] | 在馆 | |
| 6 | 1008848 | 210088484 | 第一借阅区/ [索取号:D693.9/230] | 在馆 |